00767 2200277 4500001002100000005001500021035002000036007000300056040001700059100003500076245007900111250001200190300003400202041000800236082000600244084001200250090001800262264004400280336002100324337003000345338002300375650001800398850001000416008004100426990002200467INLIS00000000000655020260411112721 a0010-0422000155ta aSBPUPADbind0 aBAPPEDA Kota PadangePengarang1 aProfil Daerah Kota Padang :bTahun Dua Ribu Delapan /cBAPPEDA Kota Padang a.-Cet.1 a143 hlm. :billus. ;c14x21cm0 aind aR aR BAP p aR BAP p L 2-2 a.--Padang :bBAPPEDA Kota Padang,c2008 2rdacontentaTeks 2rdamediaaTanpa Perantara 2rdacarrieravolume 4aProfil Padang aPUPAD260411 0  a11966/S/KAPD/2010